LEADER 01873oam 2200517 450 001 9910709900903321 005 20180718151646.0 035 $a(CKB)5470000002473243 035 $a(OCoLC)896810410 035 $a(OCoLC)995470000002473243 035 $a(EXLCZ)995470000002473243 100 $a20141123d1976 ua 0 101 0 $aeng 135 $aurbn||||||||| 181 $ctxt$2rdacontent 182 $cc$2rdamedia 183 $acr$2rdacarrier 200 10$aPlatinum deposits of the Goodnews Bay district, Alaska $emining history and general and economic geology of placer deposits of the district /$fby John B. Mertie, Jr 210 1$aWashington :$cUnited States Department of the Interior, Geological Survey,$d1976. 215 $a1 online resource (iv, 42 pages) $cillustrations, maps 225 1 $aGeological Survey professional paper ;$v938 300 $aTitle from title screen (viewed October 2, 2014). 300 $a"Mining history and general and economic geology of placer deposits of the district." 320 $aIncludes bibliographical references (pages 41-42). 517 $aPlatinum deposits of the Goodnews Bay district, Alaska 606 $aPlatinum ores$zAlaska$zGoodnews Bay Region 606 $aPlacer deposits$zAlaska$zGoodnews Bay Region 606 $aPlacer deposits$2fast 606 $aPlatinum ores$2fast 615 0$aPlatinum ores 615 0$aPlacer deposits 615 7$aPlacer deposits. 615 7$aPlatinum ores. 700 $aMertie$b John Beaver$f1888-1980,$01386509 712 02$aGeological Survey (U.S.), 801 0$bCOP 801 1$bCOP 801 2$bOCLCO 801 2$bTRAAL 801 2$bOCLCA 801 2$bOCLCF 801 2$bGPO 906 $aBOOK 912 $a9910709900903321 996 $aPlatinum deposits of the Goodnews Bay district, Alaska$93546348 997 $aUNINA LEADER 02274nas 2200625- 450 001 9910647274303321 005 20240129213017.0 011 $a2682-3462 035 $a(OCoLC)1330271027 035 $a(CKB)5580000000514132 035 $a(CONSER)--2023243199 035 $a(EXLCZ)995580000000514132 100 $a20220615a20209999 --- - 101 0 $aeng 135 $aurmn||||||||| 181 $csti$2rdacontent 181 $ctxt$2rdacontent 182 $cc$2rdamedia 183 $acr$2rdacarrier 200 00$aAdvanced research in conservation science 210 1$aGiza, Egypt :$cCairo University Press,$d2020- 215 $a1 online resource 311 08$a2682-3454 517 1 $aARCS 531 0 $aAdv. res. conserv. sci. 606 $aCultural property$xProtection$vPeriodicals 606 $aCultural property$xProtection$zMiddle East$vPeriodicals 606 $aAntiquities$xCollection and preservation$vPeriodicals 606 $aHistoric preservation$vPeriodicals 606 $aHistoric preservation$zMiddle East$vPeriodicals 606 $aAntiquités$xCollections et conservation$vPériodiques 606 $aPréservation historique$vPériodiques 606 $aAntiquities$xCollection and preservation$2fast 606 $aCultural property$xProtection$2fast 606 $aHistoric preservation$2fast 607 $aMiddle East$xAntiquities$xCollection and preservation$vPeriodicals 607 $aMoyen-Orient$xAntiquités$xCollections et conservation$vPériodiques 607 $aMiddle East$2fast 608 $aPeriodicals.$2fast 608 $aPeriodicals.$2lcgft 615 0$aCultural property$xProtection 615 0$aCultural property$xProtection 615 0$aAntiquities$xCollection and preservation 615 0$aHistoric preservation 615 0$aHistoric preservation 615 6$aAntiquités$xCollections et conservation 615 6$aPréservation historique 615 7$aAntiquities$xCollection and preservation. 615 7$aCultural property$xProtection. 615 7$aHistoric preservation. 712 02$aJ?mi?at al-Q?hirah.$bKull?yat al-?th?r, 906 $aJOURNAL 912 $a9910647274303321 996 $aAdvanced Research in Conservation Science$93011196 997 $aUNINA